Digital Logic and Computer Design / (Record no. 31887)

000 -LEADER
fixed length control field 00970cam a2200325 i 4500
001 - CONTROL NUMBER
control field 8384
003 - CONTROL NUMBER IDENTIFIER
control field OSt
005 - DATE AND TIME OF LATEST TRANSACTION
control field 20170110141357.0
008 - FIXED-LENGTH DATA ELEMENTS--GENERAL INFORMATION
fixed length control field 790911s1979 njua b 001 0 eng
010 ## - LIBRARY OF CONGRESS CONTROL NUMBER
LC control number 78021462
020 ## - INTERNATIONAL STANDARD BOOK NUMBER
International Standard Book Number 0132145103 :
Terms of availability $21.50
035 ## - SYSTEM CONTROL NUMBER
System control number (OCoLC)4494693
035 ## - SYSTEM CONTROL NUMBER
System control number (OCoLC)ocm04494693
035 ## - SYSTEM CONTROL NUMBER
System control number (CStRLIN)NYCG12047023-B
035 ## - SYSTEM CONTROL NUMBER
System control number (NNC)8384
040 ## - CATALOGING SOURCE
Transcribing agency n
050 0# - LIBRARY OF CONGRESS CALL NUMBER
Classification number TK7888.3
Item number .M345
082 ## - DEWEY DECIMAL CLASSIFICATION NUMBER
Classification number 621.3815/3
100 1# - MAIN ENTRY--PERSONAL NAME
Personal name Mano, M. Morris,
Dates associated with a name 1927-
245 10 - TITLE STATEMENT
Title Digital Logic and Computer Design /
Statement of responsibility, etc. M. Morris Mano.
260 ## - PUBLICATION, DISTRIBUTION, ETC.
Place of publication, distribution, etc. Englewood Cliffs, N.J. :
Name of publisher, distributor, etc. Prentice-Hall,
Date of publication, distribution, etc. c1979.
300 ## - PHYSICAL DESCRIPTION
Extent xii, 612 p. :
Other physical details ill. ;
Dimensions 25 cm.
Accompanying material & Solutions manual (99 p. in various paging)
504 ## - BIBLIOGRAPHY, ETC. NOTE
Bibliography, etc. note Includes bibliographical references and index.
650 #0 - SUBJECT ADDED ENTRY--TOPICAL TERM
Topical term or geographic name entry element Electronic digital computers.
650 #0 - SUBJECT ADDED ENTRY--TOPICAL TERM
Topical term or geographic name entry element Logic circuits.
650 #0 - SUBJECT ADDED ENTRY--TOPICAL TERM
Topical term or geographic name entry element Digital integrated circuits.
650 #0 - SUBJECT ADDED ENTRY--TOPICAL TERM
Topical term or geographic name entry element Logic design.
942 ## - ADDED ENTRY ELEMENTS (KOHA)
Source of classification or shelving scheme
Koha item type Book
Holdings
Withdrawn status Lost status Source of classification or shelving scheme Damaged status Not for loan Permanent Location Current Location Date acquired Total Checkouts Total Renewals Full call number Barcode Date last seen Date last checked out Price effective from Koha item type
          Central Library (CL) Central Library (CL) 07/07/2015 7 11 621.395 MAN SMME-448 05/30/2025 05/15/2025 07/07/2015 Book
© 2023 Central Library, National University of Sciences and Technology. All Rights Reserved.